000 00477nam a2200169 i 4500
001 78954
003 ES-MaACL
005 20230906173849.0
007 t|
008 041018s1945 mx ||||1| spa d
100 1 _aHeredia, Carlos María de.
_962687
245 1 4 _aUna fuente de energía /
_cpor C.M. de Heredia.
250 _a15ª ed.
260 _aMéxico :
_bBuena prensa,
_c1945.
300 _aXVI, 304 p. :
_bretr. aut. ;
_c20 cm.
852 _aES-MaACL
_jC-3968
_bR.23718
999 _c78954
_d78954